Responses for Show #734 - Thursday, November 12, 1987

1987 Tournament of Champions quarterfinal game 4.

Contestants

[<< previous game]

Zeke Sevilla, Jr., a lawyer from Vienna, Virginia

Keith Walker, an attorney from Pomona, California

Bob Verini, a playwright/actor from New York, New York

[next game >>]

Jeopardy! Round responses

THE THIRD WORLD
BOTANY
LYRICS
ACTRESSES
COUNTIES
STARTS WITH "C"
    $100 14
Colombia

Bob
    $100 21
wine

Zeke
    $100 1
money

Zeke
    $100 11
Diahann Carroll

Keith
    $100 2
Texas

Keith
    $100 12
Cornwall

Zeke
    $200 16
Egypt

Bob
    $200 23
veins in the leaves

Triple Stumper
    $200 3
darlin'

Keith
    $200 15
Ann Miller

Zeke
    $200 4
Alaska

Zeke
    $100 13
(Zeke: It's an Audio! $100.)
(Alex: Don't look at it so pessimistically, Zeke!)

Carousel

Zeke
    $300 18
Haiti

Bob
    $300 28
(Zeke: What is kapok?)

milkweed

Zeke
Triple Stumper
    $300 6
[Alex sings the response.]

late last night

Keith
    $300 17
Raquel Welch

Keith
    $300 5
shire

Keith
    $300 22
car hop

Keith
    $400 24
Biafra

Zeke
    $400 29
seeds

Keith
    $400 9
rosy red

Bob
    $400 19
Japan

Bob
    $400 7
(two of) Queens, Kings, Bronx, New York, and Richmond

Zeke
    $400 26
the clavicle

Bob
    $500 25
(Alex: Not fast enough, Keith...)

El Salvador

Triple Stumper
    $500 30
exotic plants

Triple Stumper
    $500 10
rest you in my arms (rest here in my arms accepted)

Bob
    $500 20
Olivia Hussey

Keith
    $500 8
Arlington

Keith
    $500 27
a cummerbund

Bob

Scores at the first commercial break (after clue 13):

Bob Keith Zeke
$900 $1,500 $900

Scores at the end of the Jeopardy! Round:

Bob Keith Zeke
$2,800 $3,000 $1,300

Double Jeopardy! Round responses

AMERICAN REVOLUTION
IBSEN
POLITICAL NICKNAMES
MYTHOLOGY
COLLEGES
ENDS WITH "C"
    $200 1
mercenary soldiers (or Hessians)

Zeke
    $200 3
children

Keith
    $200 8
Richard Daley

Bob
    $200 26
Poseidon

Zeke
    $200 17
South Carolina

Bob
    $200 13
an almanac

Bob
    $400 2
Bonhomme Richard

Keith
    $400 4
the 19th century

Zeke
    $400 12
Joe McCarthy

Bob
    $400 27
the jackal

Bob
    $400 22
Howard University

Zeke
    $400 14
eccentric

Bob
    $600 5
(Bob: Who was Kosiusko?)

Casimir Pulaski

BobZeke
    $600 9
Ghosts

Bob
    $600 15
The Kingfish

Bob
    $600 28
Jason

Bob
    $2,000 23
(4 of) Vassar, Wellesley, Radcliffe, Bryn Mawr, Barnard, Holyoke, and Smith

Zeke
    $600 16
zinc

Keith
    $800 6
John André

Zeke
    $800 10
Edward Grieg

Bob
    $1,600 18
(Bob: Who are Haldeman, Ehrlichman, and Dean?)
(Alex: Referring to Germans.)

Haldeman, Ehrlichman & Kissinger

Bob
    $800 29
(Bob: Who is Saturn?)

Mars

BobZeke
    $800 24
MIT

Keith
    $800 20
ad hoc

Keith
    $1000 7
(Bob: Who is Cornwallis?)
(Zeke: Who is Gates?)

(William and Richard) Howe

BobZeke
Triple Stumper
    $1000 11
Hedda Gabler

Bob
    $1000 19
Rosa Luxembourg

Bob
    $1000 30
Orpheus

Keith
    $1000 25
Marshall

Triple Stumper
    $1000 21
prosaic

Zeke

Scores at the end of the Double Jeopardy! Round:

Bob Keith Zeke
$5,200 $6,800 $6,700

Final Jeopardy! Round responses

AMERICAN INDIANS
(Alex: [To Bob] The Chicago [*]s are named for him and there was a [*] War--Abraham Lincoln fought in it, 1832.)
BobWho is Black Hawk?
$4,200
ZekeWho was Chief Pontiac?
$700
KeithWho was Sitting Bull?
$3,300
Black Hawk

Final scores:

Bob Keith Zeke
$9,400 $3,500 $6,000
Automatic semifinalist 3rd place: $1,000 if eliminated 2nd place: $1,000 if eliminated

Game dynamics:

Coryat scores:

Bob Keith Zeke
$6,800 $6,800 $5,400
20 R,
4 W
(including 1 DD)
16 R,
0 W
17 R
(including 2 DDs),
2 W

Combined Coryat: $19,000

[game clues] [game scores] [suggest correction]

Game tape date: 1987-10-26
The J! Archive is created by fans, for fans. Scraping, republication, monetization, and malicious use prohibited; this site may use cookies and collect identifying information. See terms. The Jeopardy! game show and all elements thereof, including but not limited to copyright and trademark thereto, are the property of Jeopardy Productions, Inc. and are protected under law. This website is not affiliated with, sponsored by, or operated by Jeopardy Productions, Inc. Join the discussion at JBoard.tv.